Lazio All-Time Starting XI - Statistics

General Stats
  • This quiz has been taken 46 times
  • The average score is 6 of 13
Answer Stats
Position Player % Correct
DF (1993-2002) Alessandro Nesta
83%
MF (1999-2001) Juan Sebastian Verón
80%
MF (1996-2001) Pavel Nedvěd
78%
GK (1993-2003) Luca Marchegiani
53%
Coach (1997-2001) Sven-Göran Eriksson
48%
DF (1992-2004) Giuseppe Favalli
35%
FW (1992-97) Giuseppe Signori
35%
12th player (1999-2003) Diego Simeone
33%
FW (1934–43) Silvio Piola
33%
FW (1969-76) Giorgio Chinaglia
30%
DF (1993-2005) Paolo Negro
30%
DF (1969-80) Giuseppe Wilson
18%
MF (1972-77) Luciano Re Cecconi
18%
No matching quizzes found
Score Distribution
Percent of People with Each Score
Percentile by Number Answered
Your Score History
You have not taken this quiz